<?xml version="1.0" encoding="UTF-8"?>
<record
    xmlns:xsi="http://www.w3.org/2001/XMLSchema-instance"
    xsi:schemaLocation="http://www.loc.gov/MARC21/slim http://www.loc.gov/standards/marcxml/schema/MARC21slim.xsd"
    xmlns="http://www.loc.gov/MARC21/slim">

  <leader>02425nas a2200553 i 4500</leader>
  <controlfield tag="001">193434</controlfield>
  <controlfield tag="003">SpMaBN</controlfield>
  <controlfield tag="005">20250902215906.0</controlfield>
  <controlfield tag="006">m    g   d        </controlfield>
  <controlfield tag="007">cr</controlfield>
  <controlfield tag="008">030523c19969999sp mr|pso  || 0|||b0spa  </controlfield>
  <datafield tag="010" ind1=" " ind2=" ">
    <subfield code="a">c</subfield>
    <subfield code="b">2</subfield>
  </datafield>
  <datafield tag="022" ind1="0" ind2=" ">
    <subfield code="a">0034-8619</subfield>
  </datafield>
  <datafield tag="035" ind1=" " ind2=" ">
    <subfield code="a">(ISSN)16954408</subfield>
  </datafield>
  <datafield tag="035" ind1=" " ind2=" ">
    <subfield code="a">(OCoLC)733129853</subfield>
  </datafield>
  <datafield tag="035" ind1=" " ind2=" ">
    <subfield code="a">a4707964</subfield>
  </datafield>
  <datafield tag="040" ind1=" " ind2=" ">
    <subfield code="a">SpMaBN</subfield>
    <subfield code="b">spa</subfield>
    <subfield code="c">SpMaBN</subfield>
    <subfield code="e">rdc</subfield>
  </datafield>
  <datafield tag="080" ind1=" " ind2=" ">
    <subfield code="a">624</subfield>
  </datafield>
  <datafield tag="210" ind1="0" ind2=" ">
    <subfield code="a">Rev. obras p&#xFA;blicas</subfield>
    <subfield code="b">Internet</subfield>
  </datafield>
  <datafield tag="222" ind1=" " ind2="0">
    <subfield code="a">Revista de obras p&#xFA;blicas</subfield>
    <subfield code="b">Internet</subfield>
  </datafield>
  <datafield tag="245" ind1="1" ind2="0">
    <subfield code="a">Revista de obras p&#xFA;blicas</subfield>
  </datafield>
  <datafield tag="246" ind1="1" ind2="3">
    <subfield code="a">Revista de obras p&#xFA;blicas (Ed. Internet)</subfield>
  </datafield>
  <datafield tag="260" ind1=" " ind2=" ">
    <subfield code="a">Madrid : </subfield>
    <subfield code="b">Imp. de Luis Garc&#xED;a, </subfield>
    <subfield code="c">1853-</subfield>
  </datafield>
  <datafield tag="300" ind1=" " ind2=" ">
    <subfield code="a">194 v. ; </subfield>
    <subfield code="c">35 cm.</subfield>
  </datafield>
  <datafield tag="310" ind1=" " ind2=" ">
    <subfield code="a">Mensual</subfield>
  </datafield>
  <datafield tag="321" ind1=" " ind2=" ">
    <subfield code="a">Bimensual, </subfield>
    <subfield code="b">1853-1939</subfield>
  </datafield>
  <datafield tag="336" ind1=" " ind2=" ">
    <subfield code="a">Texto (visual)</subfield>
    <subfield code="2">isbdcontent</subfield>
  </datafield>
  <datafield tag="337" ind1=" " ind2=" ">
    <subfield code="a">textual</subfield>
    <subfield code="2">isbdmedia</subfield>
  </datafield>
  <datafield tag="362" ind1="0" ind2=" ">
    <subfield code="a">V. I (en. 1853)-</subfield>
  </datafield>
  <datafield tag="500" ind1=" " ind2=" ">
    <subfield code="a">&#xDA;ltima consulta, 4 diciembre 2023</subfield>
  </datafield>
  <datafield tag="500" ind1=" " ind2=" ">
    <subfield code="a">No se public&#xF3; de mayo de 1922 a abril de 1923.</subfield>
  </datafield>
  <datafield tag="500" ind1=" " ind2=" ">
    <subfield code="a">No se public&#xF3; de nov. de 1936 a 1939.</subfield>
  </datafield>
  <datafield tag="500" ind1=" " ind2=" ">
    <subfield code="a">En 1898 figura como fundada y sostenida por el Cuerpo Nacional de Ingenieros de Caminos, Canales y Puertos.</subfield>
  </datafield>
  <datafield tag="500" ind1=" " ind2=" ">
    <subfield code="a">A partir de 1924 se publica por la Escuela Especial de Ingenieros de Caminos, Canales y Puertos.</subfield>
  </datafield>
  <datafield tag="500" ind1=" " ind2=" ">
    <subfield code="a">El 1 de ag. de 1936 es intervenida por la Confederaci&#xF3;n Nacional de Ingenieros.</subfield>
  </datafield>
  <datafield tag="500" ind1=" " ind2=" ">
    <subfield code="a">A partir de 1940 se publican tambi&#xE9;n dos boletines quincenales.</subfield>
  </datafield>
  <datafield tag="525" ind1=" " ind2=" ">
    <subfield code="a">N. 3434 (junio 2003), monogr&#xE1;fico: "150 a&#xF1;os de la Revista de obras p&#xFA;blicas"</subfield>
  </datafield>
  <datafield tag="525" ind1=" " ind2=" ">
    <subfield code="a">N. 3581 (noviembre 2016), monogr&#xE1;fico: "Jos&#xE9; Echegaray y Eizaguirre (1832-1916)"</subfield>
  </datafield>
  <datafield tag="530" ind1=" " ind2=" ">
    <subfield code="a">Disponible en formato digital.</subfield>
  </datafield>
  <datafield tag="650" ind1=" " ind2="7">
    <subfield code="a">Ingenier&#xED;a civil</subfield>
    <subfield code="2">embne</subfield>
    <subfield code="9">13771</subfield>
  </datafield>
  <datafield tag="776" ind1="0" ind2="8">
    <subfield code="i">Versi&#xF3;n electronica </subfield>
    <subfield code="t">Revista de obras p&#xFA;blicas (Ed. Internet)</subfield>
    <subfield code="x">1695-4408</subfield>
  </datafield>
  <datafield tag="852" ind1=" " ind2=" ">
    <subfield code="a">ES-MaACL</subfield>
    <subfield code="j">HEM-H-457</subfield>
    <subfield code="9">2012</subfield>
    <subfield code="c">HEM</subfield>
    <subfield code="z">Revista : Viva</subfield>
  </datafield>
  <datafield tag="856" ind1="4" ind2="0">
    <subfield code="3">1978-</subfield>
    <subfield code="z">Revista de obras p&#xFA;blicas (Ed. Internet)</subfield>
    <subfield code="u">https://www.revistadeobraspublicas.com/</subfield>
    <subfield code="y">Acceso electr&#xF3;nico</subfield>
  </datafield>
  <datafield tag="856" ind1="4" ind2="0">
    <subfield code="u">https://dialnet.unirioja.es/servlet/revista?codigo=2013</subfield>
    <subfield code="y">Acceso a sumarios en Dialnet</subfield>
  </datafield>
  <datafield tag="866" ind1=" " ind2="0">
    <subfield code="o">1853-92,(1897)1898-1922.1923-36.1940-42(1943)1944-60,(1976f.ene.-abr.)1977-2022</subfield>
    <subfield code="z">Ultimo  numero recibido N&#xBA;.3633 En-Feb  (2022)</subfield>
  </datafield>
  <datafield tag="942" ind1=" " ind2=" ">
    <subfield code="2">udc</subfield>
    <subfield code="c">PERIODICA</subfield>
  </datafield>
  <datafield tag="999" ind1=" " ind2=" ">
    <subfield code="c">193434</subfield>
    <subfield code="d">193434</subfield>
  </datafield>
  <datafield tag="952" ind1=" " ind2=" ">
    <subfield code="0">0</subfield>
    <subfield code="1">0</subfield>
    <subfield code="2">udc</subfield>
    <subfield code="4">0</subfield>
    <subfield code="7">0</subfield>
    <subfield code="8">Hemeroteca</subfield>
    <subfield code="a">ATENEOM</subfield>
    <subfield code="b">ATENEOM</subfield>
    <subfield code="c">HEM</subfield>
    <subfield code="d">2008-01-17</subfield>
    <subfield code="e">DONACION</subfield>
    <subfield code="l">0</subfield>
    <subfield code="o">HEM-H-457</subfield>
    <subfield code="p">1002012</subfield>
    <subfield code="r">2023-02-23 00:00:00</subfield>
    <subfield code="y">PERIODICA</subfield>
  </datafield>
</record>
